Biblioteca

A teachable spirit (Registro nro. 46980)

Detalles MARC
000 -LÍDER
Campo fijo de descripción fija 01151cam a2200325 i 4500
001 - NÚMERO DE CONTROL
Campo de control 20629
003 - IDENTIFICADOR DEL NÚMERO DE CONTROL
Campo de control CO-MdFUSB
005 - FECHA Y HORA DE LA ULTIMA TRANSACCIÓN
control field 20220630062537.0
008 - ELEMENTOS DE LONGITUD FIJA -- INFORMACIÓN GENERAL
Campo fijo de descripción fija -- Información general 161003t1990 xxu||||g |||| 00| 0 eng d
020 ## - NÚMERO INTERNACIONAL NORMALIZADO PARA LIBROS
Número Internacional Normalizado del libro 0-664-25079-3
040 ## - FUENTE DE CATALOGACIÓN
Agencia de catalogación original CO-MdFUSB
Idioma de catalogación Español
Agencia que realiza la transcripción CO-MdFUSB
Agencia que realiza la modificación CO-MdFUSB
Convenciones de la descripción rda
041 ## - CÓDIGO DE IDIOMA
Código de idioma para texto/pista de sonido o título separado eng
082 ## - NÚMERO DE CLASIFICACIÓN DECIMAL DEWEY
Número de la edición del Dewey 24
Número de clasificación 262.8
Clave de autor-Numero de item OS83t
100 1# - ASIENTO PRINCIPAL--NOMBRE PERSONAL
Nombre personal Osmer, Richard Robert
Término relacionador autor
245 12 - TÍTULO
Título del Material A teachable spirit
Parte restante del título - Subtitulo : Recovering the teaching office in the church
Mención de responsabilidad, etc. / Richard Robert Osmer
264 ## - PRODUCCIÓN, PUBLICACIÓN, DISTRIBUCIÓN, MANUFACTURA, Y COPYRIGHT
Lugar de producción, publicación, distribución, manufactura Louisville, Kentucky :
Nombre del productor, publicador, distribuidor Westminster ; John Knox Press,
Fecha de producción, publicación, distribución, manufactura, o copyright ©1990
300 ## - DESCRIPCIÓN FÍSICA
Extensión xi, 298 páginas
336 ## - TIPO DE CONTENIDO
Fuente rdacontent
Término de tipo de contenido
Código de tipo de contenido
337 ## - TIPO DE MEDIO
Fuente rdamedia
Nombre del tipo de medio
Código del tipo de medio
338 ## - TIPO DE SOPORTE
Fuente rdacarrier
Nombre del tipo de soporte
Código Tipo de soporte
500 ## - NOTA GENERAL
Nota General Incluye índice (p. 295-298)
501 ## - NOTA DE “CON”
Nota de Contenido Rústico
505 00 - NOTA DE CONTENIDO
Nota de contenido con formato preestablecido Buscando una tercera vía - Descubriendo el puesto del maestro en la iglesia - Recuperando el puesto del maestro en la iglesia
650 #0 - ASIENTO SECUNDARIO DE MATERIA - TERMINO TEMÁTICO
Término temático o nombre geográfico como elemento de entrada Teología práctica
9 (RLIN) 180
650 #7 - ASIENTO SECUNDARIO DE MATERIA - TERMINO TEMÁTICO
Término temático o nombre geográfico como elemento de entrada Iglesias protestantes
Subdivisión general Enseñanzas
Fuente del encabezamiento o término
9 (RLIN) 436
653 ## - TÉRMINO DE INDIZACIÓN - NO CONTROLADO
Término no controlado Teaching office of the church
653 ## - TÉRMINO DE INDIZACIÓN - NO CONTROLADO
Término no controlado La enseñanza social de la Iglesia
942 ## - TIPO DE MATERIAL (KOHA)
Tipo de Item KOHA Libros General
Existencias
Estado de Material Estado de Perdido Forma de Clasificación Estado de Dañado No para Préstamo Colección Tomo Biblioteca de Origen Biblioteca Permanente Fecha de Adquisición Total de Préstamos Signatura Topográfica Código de Barras Última vez visto Ejemplar/Existencia Fecha de Remplazo Tipo de Material
    Dewey Decimal Classification     Colección General   Biblioteca FUSBC Biblioteca FUSBC 10/08/2015   G 262.8 OS83t 20248 12/12/2019 2016-12-02 26/01/2016 Libros General

Biblioteca FUSBC | Teléfono: (57+4) 349 88 10 Ext. 141| WhatsApp (+57) 3005338115 
E-mail: biblioteca@unisbc.edu.co | Calle 76 87-14 Robledo Palenque, Medellín, Colombia

Con tecnología Koha